[Event "Enschede op-D U14"]
[Site "Enschede"]
[Date "2009.08.03"]
[Round "1"]
[White "Verseef, Yvar"]
[Black "Vorenhout, Aaron"]
[Result "1-0"]
[WhiteElo "1654"]
[BlackElo "1153"]
[PlyCount "46"]
[EventDate "2009.08.03"]
[EventType "swiss"]
[EventRounds "9"]
[EventCountry "NED"]
[SourceTitle "CBM 132 Extra"]
[Source "ChessBase"]
[SourceDate "2009.11.03"]
[SourceVersion "1"]
[SourceVersionDate "2009.11.03"]
[SourceQuality "1"]

1. e4 c5 2. b4 b6 3. bxc5 bxc5 4. f4 e6 5. Nf3 Ne7 6. Bb5 Nbc6 7. 0-0 Qb6 8. Nc3 d5 9. exd5 Nxd5 10. Nxd5 exd5 11. Qe2+ Be7 12. Re1 c4+ 13. Nd4 Qxd4+ 14. Kh1 0-0 15. Bxc6 Qxa1 16. Bxa8 Qf6 17. Qxe7 Qxe7 18. Rxe7 Bf5 19. Bxd5 Bxc2 20. Bxc4 Rb8 21. Rxf7 Re8 22. Re7+ Kf8 23. Rxe8+ Kxe8 1-0